[Event "Sousse Interzonal"]
[Site "Sousse TUN"]
[Date "1967.??.??"]
[Round "12"]
[White "Gipslis, Aivars"]
[Black "Larsen, Bent"]
[Result "0-1"]
[WhiteElo "2586"]
[BlackElo "2610"]
[EventDate "1967.10.??"]

{
http://ctart.chessok.com/course/chess-opening-semi-open-games-1-e4/alekhine-defence/exemplary-games
} 
1. e4 Nf6 2. e5 Nd5 3. d4 d6 4. c4 Nb6 5. exd6 exd6 6. Nc3 Be7 7. Be3 O-O 
8. Be2 Nc6 9. Nf3 Bg4 10. b3 Bf6 11. O-O d5 12. c5 Nc8 13. b4 {Here this 
move is futile. It is possible in the variation 5... cxd6, since the pawn 
storm on the queenside that follows results in forming a passed pawn. } ( 
13. h3 { is better} ) 13. ... N8e7 14. b5 Na5 15. h3 Bxf3 16. Bxf3 c6 {
"Black's position is attractive because of the lack of weaknesses that can
become a target of attack. Now the black d5-pawn is reliably protected, 
while the white d4-pawn is a clear target of attack. Black is already 
somewhat better" (B. Larsen). } 17. Qd3 Nc4 18. Bf4 Ng6 19. Bh2 Bg5 {Black
seizes space on the kingside clearing a road for the queen, while the 
black g6-knight is prepared to occupy the f4-square. 
} 20. bxc6 bxc6 21. Bd1 Bf4 22. Bc2? ( {White should play} 22. Bb3! ) 
22. ... Bxh2+ 23. Kxh2 Qf6 24. g3 {White prevents the black knight's 
invasion to f4 but weakens his king's position. } 24. ... Rfe8 25. Kg2 Qg5
! 26. Kh2? {Black tried to force the white f-pawn's advance that would 
weaken the white king's position even more. } ( {However, White tries to 
avoid} 26. f4 {and overlooks Black's reply} ) 26. ... Nb2 27. Qf3 Qd2 {Now
it is impossible to hold the d4-pawn. } 28. Bxg6 hxg6 29. Nd1 Nc4 30. Qc3 
Rab8 31. Rc1 Re4 32. Rc2 Qxd4 33. Qxd4 Rxd4 34. Re1 a5! {Black displays 
perfect technique. Having won a pawn, it is not worth trying to win 
another one if this would give the opponent some counter chances.} ( 
34. ... Rb5 35. Re8+ Kh7 36. Ne3 Rxc5 37. Re7 {Black's victory seems 
rather problematic.} ) 35. Kg2 a4 36. Nc3 a3 37. Na4 g5 38. Re7 Rb4 39. 
Nb6 Rb2 40. Rc3 Rxa2 41. Nxc4 dxc4 42. Rc7 Rdd2 43. Rf3 c3 0-1

[Event "Asztalos Memorial"]
[Site "Baja"]
[Date "1971.??.??"]
[Round "1"]
[White "Polgar, Istvan"]
[Black "Bagirov, Vladimir"]
[Result "0-1"]
[WhiteElo "2424"]
[BlackElo "2530"]
[EventDate "1971.05.??"]

1. e4 Nf6 {Among the experts and advocates of the Alekhine defense, 
especially significant theoretical and practical contribution into its 
theory has been made by master N. Kopylov, grandmasters V. Mikenas, B. 
Larsen and Vladimir Bagirov. } 2. e5 Nd5 3. d4 d6 4. c4 Nb6 5. f4 {
According to V. Mikenas, if the refutation of the Alekhine defense exists,
then it should be searched for only in the "four pawns variation". } 
5. ... Bf5 6. Nc3 dxe5 7. fxe5 e6 8. Nf3 Bb4 {This new move was suggested 
by R. Keene in a response to 8.¥e3. Black prepares for the c7-c5 counter 
strike in a favorable situation, while preventing White's standard 
breakthrough d4-d5. } 9. Be2 {This is quite acceptable continuation.} ( 9.
 Qb3 c5 10. Bg5 Qc7 11. O-O-O Bxc3 12. Qxc3 Na6 ( 12. ... cxd4 13. Nxd4 
Qxe5? 14. Nxf5 ) 13. Qa5?! ( 13. b3! ) 13. ... O-O 14. Be3?! Rac8 ( 
14. ... Qc6! 15. Nh4 Qe4 16. Nxf5 exf5 17. Qd2 Nb4 ) 15. dxc5 Nxc5 16. 
Bxc5 Qxc5 17. Qxc5 Rxc5 18. b3 Nd5 19. Kb2 Ne3 20. Rd7 Be4 {1-0(41) 
Estrin, Yakov (2449) - Schmidt, Wlodzimierz (2464) / Rubinstein Memorial 
09th (12), Polanica Zdroj POL 1971} ) ( 9. a3 Bxc3+ 10. bxc3 c5 11. Be3 
O-O 12. a4? Nc6 13. Be2 Na5 {with counter play for Black} ) 9. ... c5 10. 
Bg5 {White should not define the position of his queen's bishop.} ( {
Instead, a simple continuation} 10. O-O {deserved attention. For example,}
10. ... cxd4 11. Nxd4 Bc5 12. Be3 Bxd4 13. Bxd4 Nc6 14. Nb5 Nxd4 15. Nxd4 
Bg6 16. c5 Nd7 17. Bb5 {with advantage to White.} 17. ... a6 18. Ba4 Qc7 
19. c6 bxc6 20. Nxc6 Nc5 21. Rc1 Nxa4 22. Qxa4 O-O += ) 10. ... Qd7 11. 
Qd2? {Here too, White should rather have castled. Now Black quickly 
obtains the advantage. } 11. ... Nc6 12. a3 Bxc3 13. bxc3 Na5! 14. Rd1 ( 
14. dxc5 {will be followed with} 14. ... Nb3 15. Qxd7+ Nxd7 ) 14. ... h6 (
14. ... Nbxc4 {would have been simpler} 15. Qa2 Qd5 ) 15. dxc5 Qxd2+ ( 
15. ... hxg5 16. Qxg5! ) 16. Bxd2 Nbxc4 17. Nd4 Rc8 18. c6 {This is quite 
an obvious trap. } 18. ... bxc6 ( 18. ... Nxc6? 19. Nxf5 ) 19. O-O ( 19. 
Nxf5 exf5 20. O-O g6 {Black also retains an extra pawn in an active 
position. The white bishops are deprived of their operative freedom} ) 
19. ... Bh7 20. Bh5 O-O 21. Bf4 Nb2 ( 21. ... Nxa3 22. Ne2 Rc7 ) 22. Rde1 
Nd3 23. Re2 Rb8 24. c4 Nxf4 25. Rxf4 Rb1+ ( 25. ... Nxc4 26. Nxc6 Rb7 27. 
Bf3 ) 26. Kf2 Bd3 27. Re1 Rb2+ 28. Kg1 c5 ( 28. ... Bxc4 29. Nxc6 { leads 
to a simplification which is beneficial for White.} ) 29. Nb5 g6 30. Bf3 
Nxc4 31. Nxa7 Nxa3 {Black's dangerous passed pawn secures him an easy 
victory. White can already resign but does not because of time trouble. 
} 32. Ra4 Nc4 33. Nc6 Nd2 34. Be2 Bxe2 35. Rxe2 Kg7 36. Ra7 Rc8 37. Ne7 
Rd8 38. Nc6 Rd3 39. Re1 c4 40. Rc7 c3 0-1

[Event "Moscow PCA-Intel qual"]
[Site "Moscow RUS"]
[Date "1995.??.??"]
[Round "1"]
[White "Morozevich, Alexander"]
[Black "Bagirov, Vladimir"]
[Result "1-0"]
[WhiteElo "2605"]
[BlackElo "2530"]
[EventDate "1995.??.??"]

1. e4 Nf6 2. e5 Nd5 3. d4 d6 4. c4 Nb6 5. f4 {This is one of the most 
unpleasant systems for Black.} 5. ... Bf5 {In this variation Black keeps 
his queen's knight on b8 for a while and undermines White's pawn center 
with the move c7-c5. } 6. Nc3 e6 7. Nf3 dxe5 8. fxe5 Bb4 9. Bd3 c5 {After 
having allowed White to form a strong pawn center, Black tries all ways to
undermine it and to obtain counter play. However, Black's task is not 
simple. } 10. Bxf5 exf5 ( 10. ... cxd4 {does not help Black too:} 11. a3!?
Bxc3+ 12. bxc3 exf5 13. cxd4 +/- ) 11. Bg5 Qd7 12. O-O O-O ( 12. ... cxd4?
13. e6! fxe6 14. Ne5 {next 15.Qh5 - a standard strike in positions of this
kind} ) 13. d5! {In no way should Black may be allowed to capture on d4.} 
13. ... Nxc4 ( 13. ... Bxc3 14. bxc3 Nxc4 15. Qd3! {with the idea of 
Nh4-f5, White also obtains a dangerous attack. For example, } 15. ... Nb6 
16. Rad1 Na6 17. Nh4 +/- ) 14. Qe2 Bxc3 15. Qxc4 Bxb2 16. Rab1 ( 16. e6! {
is also very strong.} ) 16. ... Bd4+ 17. Nxd4 cxd4 18. e6 {White's mighty 
passed pawn on e6 together with better development compensate for the 
material damage. } 18. ... fxe6 19. dxe6 Qc8 20. Qd5 ( {On b3 the white 
queen interposes the b1-rook's line of action and} 20. Qxd4 {allows } 
20. ... Nc6 ) 20. ... Qc6 {Black tries to chase the white queen. } 21. 
Qxd4 Qxe6 22. Rxb7 {White has sacrificed the pride of his position, the e6
pawn, obtaining in return the possibility of attacking the black king with
all of his pieces. } 22. ... Qg6 23. Bc1! {This is the deciding maneuver. 
The white bishop is transferred to the main diagonal, where it will be 
positioned in the most active way, targeting the g7-point. } 23. ... Nc6 
24. Qd5+ Kh8 25. Bb2 Rad8 ( {After the more stubborn} 25. ... Rg8 {White 
also wins beautifully: } 26. Rxf5! Rab8 ( 26. ... Rad8 27. Rxg7! Rxg7 28. 
Qxd8+ Nxd8 29. Rf8# ) 27. Bxg7+! Rxg7 28. Rxb8+ Nxb8 29. Rf8+ Rg8 30. 
Rxg8+ Qxg8 31. Qe5+ Qg7 32. Qxb8+ ) 26. Rxg7! Rxd5 27. Rxg6+ Nd4 28. Rg4! 
1-0